[Event "Thessaloniki White Tower op-A 44th"]
[Site "Thessaloniki"]
[Date "2024.01.04"]
[Round "4"]
[White "Dermatopoulos, Konstantinos"]
[Black "Giannopoulos, Iasonas"]
[Result "0-1"]
[WhiteElo "1921"]
[BlackElo "1700"]
[PlyCount "92"]
[EventDate "2024.01.02"]
[EventType "swiss"]
[EventRounds "9"]
[EventCountry "GRE"]
[SourceTitle "CB02_2024"]
[SourceDate "2024.01.10"]
[SourceVersion "1"]
[SourceVersionDate "2024.01.10"]
[SourceQuality "1"]

1. d4 d5 2. c4 e6 3. Nc3 c5 4. cxd5 exd5 5. Nf3 Nc6 6. e3 Nf6 7. Bb5 cxd4 8. Nxd4 Bd7 9. 0-0 Bd6 10. h3 0-0 11. b3 Rc8 12. Bb2 Re8 13. Rc1 Bb8 14. Nf3 a6 15. Bxc6 bxc6 16. Qd3 Ne4 17. Qxa6 Ng5 18. Nh2 Nxh3+ 19. Kh1 Qh4 20. f4 Rxe3 21. Nxd5 Nxf4 22. Qc4 Re2 23. Nxf4 Rxb2 24. Qd4 Bxf4 25. Rxf4 Qg5 26. Qxb2 Qxf4 27. Rc4 Qg3 28. Qd2 Re8 29. Nf3 Bg4 30. Re4 Rf8 31. Qg5 h5 32. Nd4 Qd6 33. Nf5 Bxf5 34. Qxf5 g6 35. Qf3 Qa3 36. Ra4 Qc1+ 37. Kh2 c5 38. Ra7 Qg5 39. a4 Qh4+ 40. Kg1 c4 41. Rb7 Qd4+ 42. Kh2 cxb3 43. Qxb3 Qf4+ 44. Kg1 Rc8 45. Rd7 Rc1+ 46. Rd1 Qd4+ 0-1

[Event "Thessaloniki White Tower op-A 44th"]
[Site "Thessaloniki"]
[Date "2024.01.03"]
[Round "3"]
[White "Dermatopoulos, Konstantinos"]
[Black "Sioulis, Stergios"]
[Result "1-0"]
[WhiteElo "1921"]
[BlackElo "1560"]
[PlyCount "85"]
[EventDate "2024.01.02"]
[EventType "swiss"]
[EventRounds "9"]
[EventCountry "GRE"]
[SourceTitle "CB02_2024"]
[SourceDate "2024.01.10"]
[SourceVersion "1"]
[SourceVersionDate "2024.01.10"]
[SourceQuality "1"]

1. d4 e6 2. c4 d5 3. Nc3 Nf6 4. cxd5 exd5 5. Bg5 Be7 6. e3 0-0 7. Bd3 h6 8. Bh4 b6 9. Nge2 Nbd7 10. 0-0 Re8 11. Bb5 a6 12. Bc6 Ra7 13. Bxf6 Bxf6 14. Nxd5 Re6 15. Rc1 Nb8 16. Nxf6+ Rxf6 17. Be4 Qe7 18. Ng3 Nd7 19. Qg4 g6 20. Rc6 Kh7 21. Qh4 Kg7 22. Rfc1 Qd8 23. Ne2 a5 24. Qg3 Ba6 25. Nf4 Kh7 26. Rxf6 Qxf6 27. Rc6 Qg5 28. Qxg5 hxg5 29. Nd5 f5 30. Rxc7 Rxc7 31. Nxc7 Bc4 32. Bd5 Bd3 33. Bc6 Nb8 34. Bb5 Bxb5 35. Nxb5 Kg7 36. f3 Kf6 37. Kf2 Nd7 38. Ke2 Ke6 39. Kd3 Nf6 40. Nc3 Kd6 41. Kc4 Nd7 42. Kb5 Ke6 43. Na4 1-0

[Event "Thessaloniki op 1st"]
[Site "Thessaloniki"]
[Date "2022.08.05"]
[Round "4"]
[White "Dermatopoulos, Konstantinos"]
[Black "Mitrandzas, Athanasios"]
[Result "1/2-1/2"]
[WhiteElo "1911"]
[BlackElo "2071"]
[PlyCount "62"]
[EventDate "2022.08.03"]
[EventType "swiss"]
[EventRounds "9"]
[EventCountry "GRE"]
[SourceTitle "CBM 209 Extra"]
[Source "ChessBase"]
[SourceDate "2022.09.30"]
[SourceVersion "1"]
[SourceVersionDate "2022.09.30"]
[SourceQuality "1"]

1. d4 Nf6 2. c4 e6 3. Nc3 Bb4 4. a3 Bxc3+ 5. bxc3 c5 6. f3 Nc6 7. e4 d6 8. Ne2 0-0 9. Bg5 h6 10. Bh4 cxd4 11. cxd4 Qa5+ 12. Qd2 Qxd2+ 13. Kxd2 Na5 14. Kc3 b6 15. Kb4 Ba6 16. Nc3 Nc6+ 17. Ka4 Rfc8 18. Bf2 Nd7 19. Nb5 Bxb5+ 20. cxb5 Na5 21. Be1 Nc4 22. Kb3 d5 23. Bd3 a6 24. bxa6 b5 25. exd5 exd5 26. Bb4 Rxa6 27. Rhe1 g6 28. Re7 Nf8 29. Bxc4 dxc4+ 30. Kc3 Rd8 31. Re5 Ne6 1/2-1/2

[Event "Cyprus op 1st"]
[Site "Larnaka"]
[Date "2019.10.28"]
[Round "5"]
[White "Lornye, Pylyp"]
[Black "Dermatopoulos, Konstantinos"]
[Result "1-0"]
[WhiteElo "2284"]
[BlackElo "1992"]
[PlyCount "63"]
[EventDate "2019.10.25"]
[EventType "swiss"]
[EventRounds "9"]
[EventCountry "CYP"]
[SourceTitle "CBM 192 Extra"]
[Source "Chessbase"]
[SourceDate "2019.11.06"]
[SourceVersion "1"]
[SourceVersionDate "2019.11.06"]
[SourceQuality "1"]

1. Nf3 d5 2. g3 Bg4 3. Bg2 c6 4. 0-0 Nd7 5. h3 Bh5 6. d3 Ngf6 7. Nbd2 e5 8. e4 Bd6 9. Qe1 dxe4 10. dxe4 0-0 11. Nh4 Re8 12. Nc4 Bf8 13. a4 Qc7 14. Kh1 Nc5 15. Bg5 Nfd7 16. Be3 f6 17. Nd2 Bf7 18. f4 Nb6 19. b3 Ne6 20. a5 Nd7 21. Nc4 Nd4 22. Qf2 Ne6 23. Rad1 exf4 24. gxf4 Nec5 25. Rd4 Nxe4 26. Rxe4 Bd5 27. Rxe8 Rxe8 28. Rd1 Bf7 29. Nf5 Bh5 30. Bf3 Bxf3+ 31. Qxf3 Nc5 32. Nfd6 1-0

[Event "Thessaloniki-Chalkidiki-chT B local"]
[Site "Thessaloniki"]
[Date "2019.01.27"]
[Round "3.3"]
[White "Hatzidimitriadis, Athanasios"]
[Black "Dermatopoulos, Konstantinos"]
[Result "0-1"]
[WhiteElo "1708"]
[BlackElo "1989"]
[PlyCount "76"]
[EventDate "2019.01.13"]
[EventType "team-swiss"]
[EventRounds "9"]
[EventCountry "GRE"]
[SourceTitle "EXT 2020"]
[Source "ChessBase"]
[SourceDate "2019.10.17"]
[SourceVersion "1"]
[SourceVersionDate "2019.10.17"]
[SourceQuality "1"]

1. e4 e5 2. Nf3 Nc6 3. c3 Nf6 4. d4 exd4 5. e5 Ne4 6. cxd4 Bb4+ 7. Bd2 Nxd2 8. Nbxd2 0-0 9. Bc4 d5 10. Be2 f6 11. exf6 Qxf6 12. Qb3 Bxd2+ 13. Kxd2 Nxd4 14. Qc3 Nxe2 15. Kxe2 Bg4 16. Qxf6 Rxf6 17. Rhd1 Re8+ 18. Kf1 Bxf3 19. gxf3 c6 20. Re1 Rfe6 21. Rxe6 Rxe6 22. Rd1 Kf8 23. Rd4 Ke8 24. a4 Kd7 25. Rh4 h6 26. Rf4 Re7 27. Rb4 Kd6 28. Rf4 a5 29. b3 Kc5 30. h3 b5 31. axb5 cxb5 32. h4 b4 33. Rf8 Kd4 34. Ra8 Kc3 35. Rxa5 d4 36. Rd5 d3 37. Rc5+ Kxb3 38. Rc8 d2 0-1

[Event "Thessaloniki White Tower op 41st"]
[Site "Thessaloniki"]
[Date "2019.01.06"]
[Round "4"]
[White "Dermatopoulos, Konstantinos"]
[Black "Samaridis, Konstantinos"]
[Result "0-1"]
[WhiteElo "1989"]
[BlackElo "2074"]
[PlyCount "80"]
[EventDate "2019.01.02"]
[EventType "swiss"]
[EventRounds "6"]
[EventCountry "GRE"]
[SourceTitle "EXT 2021"]
[Source "ChessBase"]
[SourceDate "2020.10.23"]
[SourceVersion "1"]
[SourceVersionDate "2020.10.23"]
[SourceQuality "1"]

1. d4 e6 2. e4 d5 3. exd5 exd5 4. Bd3 c5 5. Qe2+ Qe7 6. dxc5 Qxe2+ 7. Nxe2 Bxc5 8. Nbc3 Nf6 9. Bg5 Be6 10. Bxf6 gxf6 11. Nf4 Bb4 12. 0-0 Bxc3 13. bxc3 Nc6 14. Rfe1 Kd7 15. Rad1 Kd6 16. Be4 Ne7 17. c4 Rac8 18. cxd5 Bf5 19. Bxf5 Nxf5 20. Rd2 Rhg8 21. Kf1 Rc4 22. Nh5 Rg6 23. g3 Rh6 24. Nf4 Rxh2 25. Kg1 Rh6 26. Re8 Nh4 27. Re3 Ng6 28. Ne2 Rh5 29. Nc3 Re5 30. Nb5+ Kd7 31. Rf3 f5 32. Na3 Rc5 33. c4 Ne7 34. Rb3 b6 35. f3 Nc8 36. Kf2 Nd6 37. Rd4 Kc7 38. Re3 Rxe3 39. Kxe3 Ra5 40. Rd3 Rxa3 0-1

[Event "Thessaloniki White Tower op 41st"]
[Site "Thessaloniki"]
[Date "2019.01.06"]
[Round "5"]
[White "Koutlas, Nikolaos"]
[Black "Dermatopoulos, Konstantinos"]
[Result "0-1"]
[WhiteElo "1817"]
[BlackElo "1989"]
[PlyCount "60"]
[EventDate "2019.01.02"]
[EventType "swiss"]
[EventRounds "6"]
[EventCountry "GRE"]
[SourceTitle "EXT 2021"]
[Source "ChessBase"]
[SourceDate "2020.10.23"]
[SourceVersion "1"]
[SourceVersionDate "2020.10.23"]
[SourceQuality "1"]

1. e4 e5 2. Nf3 Nc6 3. Bb5 Nf6 4. d3 Ne7 5. 0-0 Ng6 6. Re1 c6 7. Bc4 Be7 8. d4 d6 9. c3 0-0 10. Bb3 Qc7 11. Nbd2 Rd8 12. Nf1 d5 13. exd5 exd4 14. dxc6 dxc3 15. cxb7 Bxb7 16. Qe2 Bb4 17. Ng5 Re8 18. Bxf7+ Qxf7 19. Nxf7 Rxe2 20. Nh6+ gxh6 21. Rxe2 Rd8 22. a3 Ba6 23. Re6 Bxf1 24. h3 Rd1 25. Rxf6 Be7 26. Rxg6+ hxg6 27. bxc3 Bc4+ 28. Kh2 Bg5 29. Bb2 Rxa1 30. Bxa1 Bc1 0-1

[Event "Anogia op 5th"]
[Site "Anogia"]
[Date "2016.07.16"]
[Round "6"]
[White "Dermatopoulos, Konstantinos"]
[Black "Grigoriadis, Mihail"]
[Result "0-1"]
[WhiteElo "1855"]
[BlackElo "2132"]
[PlyCount "62"]
[EventDate "2016.07.12"]
[EventType "swiss"]
[EventRounds "9"]
[EventCountry "GRE"]
[SourceTitle "CBM 173 Extra"]
[Source "ChessBase"]
[SourceDate "2016.08.29"]
[SourceVersion "1"]
[SourceVersionDate "2016.08.29"]
[SourceQuality "1"]

1. Nf3 g6 2. g3 Bg7 3. Bg2 d5 4. 0-0 e6 5. d3 Ne7 6. e4 c5 7. c3 Nbc6 8. Nbd2 0-0 9. Re1 b6 10. e5 a5 11. Nf1 Qc7 12. Bf4 h6 13. h4 b5 14. Qd2 Kh7 15. N1h2 Nf5 16. Ng4 Qe7 17. c4 dxc4 18. Ng5+ hxg5 19. Bxg5 Qc7 20. Nf6+ Bxf6 21. Bxf6 Bb7 22. h5 Ncd4 23. hxg6+ fxg6 24. Qg5 cxd3 25. g4 Bxg2 26. Re3 Rxf6 27. gxf5 Rxf5 28. Qxg2 Ne2+ 29. Rxe2 dxe2 30. Qxa8 Rg5+ 31. Kh1 Qg7 0-1

[Event "Thessaloniki Aris op"]
[Site "Thessaloniki"]
[Date "2014.10.25"]
[Round "3.7"]
[White "Dermatopoulos, Konstantinos"]
[Black "Ioannidis, Stefanos"]
[Result "1-0"]
[WhiteElo "1722"]
[BlackElo "1000"]
[PlyCount "53"]
[EventDate "2014.10.24"]
[EventType "swiss"]
[EventRounds "6"]
[EventCountry "GRE"]
[SourceTitle "EXT 2024"]
[Source "ChessBase"]
[SourceDate "2023.10.10"]
[SourceVersion "1"]
[SourceVersionDate "2023.10.10"]
[SourceQuality "1"]

1. e4 e5 2. Nf3 Nc6 3. d3 Nf6 4. g3 Bc5 5. Bg2 d6 6. 0-0 Bg4 7. h3 Bxf3 8. Bxf3 Qd7 9. Bg2 0-0 10. c3 Ne7 11. a4 a5 12. d4 Bb6 13. Na3 h6 14. Nc4 Ba7 15. Nxa5 b6 16. Nc4 b5 17. dxe5 dxe5 18. Qxd7 Nxd7 19. axb5 f5 20. exf5 Nxf5 21. Bxa8 Rxa8 22. Kh2 Nd6 23. Nxd6 cxd6 24. Be3 Nc5 25. Bxc5 dxc5 26. Rfd1 Kh7 27. b6 1-0

[Event "Thessaloniki White Tower A"]
[Site "Thessaloniki"]
[Date "2014.01.03"]
[Round "2.6"]
[White "Sougakis, Anthimos"]
[Black "Dermatopoulos, Konstantinos"]
[Result "0-1"]
[WhiteElo "2076"]
[BlackElo "1693"]
[PlyCount "82"]
[EventDate "2014.01.02"]
[EventType "swiss"]
[EventRounds "7"]
[EventCountry "GRE"]
[SourceTitle "EXT 2024"]
[Source "ChessBase"]
[SourceDate "2023.10.10"]
[SourceVersion "1"]
[SourceVersionDate "2023.10.10"]
[SourceQuality "1"]

1. e4 e5 2. Nf3 Nf6 3. Nc3 Bb4 4. d3 h6 5. Nxe5 0-0 6. Nf3 Re8 7. Be2 d5 8. e5 d4 9. a3 dxc3 10. axb4 Nd5 11. 0-0 Nc6 12. d4 Ncxb4 13. Ra3 Bf5 14. Ne1 cxb2 15. Bxb2 Nf4 16. Bg4 Qd7 17. Bxf5 Qxf5 18. Qd2 Nbd5 19. Rf3 Qg5 20. Bc1 Ne2+ 21. Qxe2 Qxc1 22. Nd3 Qg5 23. c4 Ne7 24. Nc5 Nc6 25. Qb2 b6 26. Ne4 Qe7 27. Rg3 Kh8 28. f4 Qb4 29. Qe2 Nxd4 30. Qg4 Rg8 31. Ng5 Qxc4 32. Re1 Raf8 33. f5 Qc5 34. Kh1 f6 35. exf6 Rxf6 36. Ne4 Qa5 37. Rd1 Rxf5 38. h3 Qe5 39. Rxd4 Rf1+ 40. Kh2 Qxd4 41. Ra3 Re1 0-1

[Event "Blagoevgrad op"]
[Site "Blagoevgrad"]
[Date "2013.10.03"]
[Round "8"]
[White "Gavriilidis, Georgios"]
[Black "Dermatopoulos, Konstantinos"]
[Result "1-0"]
[WhiteElo "2126"]
[BlackElo "1664"]
[PlyCount "41"]
[EventDate "2013.09.28"]
[EventType "swiss"]
[EventRounds "9"]
[EventCountry "BUL"]
[SourceTitle "CBM 156 Extra"]
[Source "ChessBase"]
[SourceDate "2013.10.22"]
[SourceVersion "1"]
[SourceVersionDate "2013.10.22"]
[SourceQuality "1"]

1. Nf3 Nf6 2. c4 e6 3. g3 b6 4. Bg2 Bb7 5. 0-0 d6 6. Nc3 e5 7. d4 Nbd7 8. Qc2 Qe7 9. Rd1 a6 10. Nd5 Nxd5 11. cxd5 Nf6 12. Bg5 h6 13. dxe5 hxg5 14. exf6 gxf6 15. Rac1 Rc8 16. Rd3 Kd8 17. Nd4 Qd7 18. Rc3 Be7 19. Be4 Qh3 20. Rxc7 Qxh2+ 21. Kf1 1-0

[Event "Blagoevgrad op"]
[Site "Blagoevgrad"]
[Date "2013.09.30"]
[Round "4"]
[White "Ivanov, Docho"]
[Black "Dermatopoulos, Konstantinos"]
[Result "1-0"]
[WhiteElo "1854"]
[BlackElo "1664"]
[PlyCount "94"]
[EventDate "2013.09.28"]
[EventType "swiss"]
[EventRounds "9"]
[EventCountry "BUL"]
[SourceTitle "CBM 156 Extra"]
[Source "ChessBase"]
[SourceDate "2013.10.22"]
[SourceVersion "1"]
[SourceVersionDate "2013.10.22"]
[SourceQuality "1"]

1. c4 e5 2. d3 Nf6 3. Nc3 Bb4 4. Bd2 0-0 5. Nf3 Re8 6. a3 Bxc3 7. Bxc3 e4 8. dxe4 Nxe4 9. Qc2 Nxc3 10. Qxc3 d6 11. e3 Bf5 12. g3 Nc6 13. Bg2 Rb8 14. 0-0 Qc8 15. Nd4 Nxd4 16. exd4 Bh3 17. Rfe1 Bxg2 18. Kxg2 Qd7 19. Qf3 b6 20. Re3 Rxe3 21. fxe3 Re8 22. b3 b5 23. Rc1 bxc4 24. Rxc4 d5 25. Rc3 h6 26. h3 Re6 27. b4 c6 28. g4 Rf6 29. Qg3 Kh7 30. Rc2 Qe7 31. Rf2 Qe4+ 32. Kh2 Qe6 33. Rxf6 Qxf6 34. Qf4 Qe6 35. Kg3 g6 36. Kf3 Qe7 37. e4 Kg7 38. exd5 cxd5 39. Qe5+ Qxe5 40. dxe5 f6 41. Kf4 Kf7 42. exf6 Kxf6 43. a4 g5+ 44. Ke3 Ke5 45. Kd3 d4 46. b5 Kd5 47. a5 Kc5 1-0